00784nam a22002057a 4500999001900000005001700019010001300036020001800049035001300067037001800080082001500098100002400113245009800137260003000235270006200265300003000327500005000357942002900407952014200436 c158442d15844220181029151317.0 aB-710667 a9780713993592 aB-710667 bPenguin Books a327.124704 aAndrew, Christopher aThe Mitrokhin archive II:bThe KGB and the world /cChristopher Andrew [and] Vasili Mitrokhin aNew DelhibPenguin c2005 aII , Community Centre, Panchsheel ParkbNew Delhie110017 axxxiii, 677p.c24 cm(pbk) aincludes bibliographical references and index 2ddccENh327.124704mAND 001040708NFICaAVbAVd2018-10-29eGift/16-10-2018l7m3o327.124704 ANDpB-710667r2026-06-15 15:46:34s2026-05-30t1w2018-10-29yEN